[Event "Cholet-G"]
[Site "Cholet"]
[Date "2012.02.21"]
[Round "4"]
[White "Gazagnes, Jacques"]
[Black "Durand, Pierre"]
[Result "1-0"]
[WhiteElo "1515"]
[BlackElo "1400"]
[PlyCount "81"]
[EventDate "2012.02.18"]
[EventType "swiss"]
[EventRounds "7"]
[EventCountry "FRA"]
[SourceTitle "EXT 2013"]
[Source "ChessBase"]
[SourceDate "2012.11.22"]
[SourceVersion "1"]
[SourceVersionDate "2012.11.22"]
[SourceQuality "1"]

1. d4 d5 2. e3 Nf6 3. Bd3 e6 4. f4 c5 5. c3 Bd6 6. Nf3 0-0 7. 0-0 b6 8. Nbd2 Ba6 9. c4 cxd4 10. Nxd4 e5 11. Nf5 Bc5 12. Qe2 e4 13. Bc2 Nc6 14. a3 Qd7 15. b4 Bxc4 16. Nxc4 Qxf5 17. bxc5 dxc4 18. cxb6 Qc5 19. b7 Rad8 20. a4 Nd4 21. exd4 Qxd4+ 22. Be3 Qd5 23. Rab1 Nd7 24. Rb5 Qc6 25. Bxa7 Nb8 26. Be3 Rd7 27. Rfb1 Rfd8 28. Rc5 Qe6 29. Rxc4 h6 30. Bxe4 g6 31. Rbc1 Kh7 32. a5 Qa6 33. Qe1 f5 34. Bf3 h5 35. Bb6 Rf8 36. Rc8 Rdf7 37. Rxf8 Rxf8 38. Qe7+ Kg8 39. Bd5+ Rf7 40. Qxf7+ Kh8 41. Qg8# 1-0

[Event "Cholet-G"]
[Site "Cholet"]
[Date "2012.02.19"]
[Round "2"]
[White "Maldonado, Marcos"]
[Black "Durand, Pierre"]
[Result "1-0"]
[WhiteElo "1499"]
[BlackElo "1400"]
[PlyCount "55"]
[EventDate "2012.02.18"]
[EventType "swiss"]
[EventRounds "7"]
[EventCountry "FRA"]
[SourceTitle "EXT 2013"]
[Source "ChessBase"]
[SourceDate "2012.11.22"]
[SourceVersion "1"]
[SourceVersionDate "2012.11.22"]
[SourceQuality "1"]

1. e4 e6 2. d4 d5 3. Nc3 Bb4 4. e5 c5 5. Qg4 g6 6. Bb5+ Bd7 7. Bxd7+ Qxd7 8. a3 Ba5 9. Nge2 cxd4 10. Nxd4 Nc6 11. Nxc6 Qxc6 12. Bd2 Ne7 13. b4 Bb6 14. Rc1 Nf5 15. 0-0 Bd4 16. Ne2 Bxe5 17. c4 Qd6 18. cxd5 Qxd5 19. Rfd1 Qb3 20. Nc3 Qxa3 21. Nb5 Qb2 22. Nc7+ Bxc7 23. Rxc7 Nd6 24. Bc3 f5 25. Qd4 Qxc3 26. Qxc3 Rf8 27. Rxd6 Rd8 28. Rxe6# 1-0